[Event "Barcelona Tres Peons 48th"]
[Site "Barcelona"]
[Date "2019.01.11"]
[Round "1.8"]
[White "Casabona Fina, David"]
[Black "Del Castillo Aguila, Antonio"]
[Result "1-0"]
[WhiteElo "1495"]
[BlackElo "1773"]
[PlyCount "77"]
[EventDate "2019.01.11"]
[EventType "swiss"]
[EventRounds "8"]
[EventCountry "ESP"]
[SourceTitle "EXT 2024"]
[Source "ChessBase"]
[SourceDate "2023.10.10"]
[SourceVersion "1"]
[SourceVersionDate "2023.10.10"]
[SourceQuality "1"]

1. Nf3 g6 2. d4 Bg7 3. e4 d6 4. Be2 Nf6 5. Nc3 0-0 6. 0-0 Nc6 7. h3 e5 8. d5 Ne7 9. Bg5 Ne8 10. b4 f5 11. b5 f4 12. a4 h6 13. Bxe7 Qxe7 14. Nd2 h5 15. Qe1 Qg5 16. Kh2 Qh6 17. Rb1 g5 18. Rh1 Nf6 19. f3 Kf7 20. Kg1 Rh8 21. Nd1 g4 22. hxg4 Qg6 23. Nf2 Bd7 24. c4 hxg4 25. Rxh8 Rxh8 26. fxg4 Nxg4 27. Nxg4 Bxg4 28. Bxg4 Qxg4 29. Nf3 Bf6 30. Qf2 Qh5 31. Kf1 Qh1+ 32. Qg1 Qxg1+ 33. Kxg1 Kg6 34. Kf2 Bh4+ 35. Nxh4+ Rxh4 36. Rg1 Rg4 37. g3 Kg5 38. Kf3 Kf6 39. Kxg4 1-0

[Event "Barcelona Vila de Gracia op 9th"]
[Site "Barcelona"]
[Date "2015.10.02"]
[Round "1"]
[White "Del Castillo Aguila, Antonio"]
[Black "Magallanes, Gustavo"]
[Result "1-0"]
[WhiteElo "1941"]
[BlackElo "2174"]
[PlyCount "63"]
[EventDate "2015.10.02"]
[EventType "swiss"]
[EventRounds "9"]
[EventCountry "ESP"]
[SourceTitle "CBM 169 Extra"]
[Source "ChessBase"]
[SourceDate "2015.12.18"]
[SourceVersion "1"]
[SourceVersionDate "2015.12.18"]
[SourceQuality "1"]

1. d4 Nf6 2. c4 c5 3. d5 b5 4. cxb5 a6 5. b6 g6 6. Nc3 d6 7. e4 Bg7 8. Nf3 0-0 9. Be2 Nbd7 10. 0-0 Nxb6 11. Nd2 Bd7 12. a4 e6 13. a5 Nc8 14. Nc4 Bb5 15. Bg5 Qc7 16. Bf4 Rd8 17. Qd2 Rb8 18. Rfd1 Ne8 19. Bg3 Bd4 20. h4 Nf6 21. Ne3 Bxc3 22. bxc3 Nxe4 23. Qc2 Bxe2 24. Qxe2 Nxc3 25. Qxa6 Nxd1 26. Rxd1 e5 27. f4 Rb3 28. Re1 f6 29. fxe5 fxe5 30. h5 Ne7 31. hxg6 hxg6 32. Bf2 1-0